[Event "Lichtenberger Sommer 2016"]
[Site "?"]
[Date "2016.08.19"]
[Round "7.30"]
[White "Hansch, Stephan"]
[Black "Hesse, Henrik"]
[Result "1/2-1/2"]
[WhiteElo "2126"]
[BlackElo "1903"]
[PlyCount "29"]
[EventDate "2016.??.??"]
[WhiteTeam "SC Empor Potsdam"]
[BlackTeam "SV Mattnetz Berlin"]

1. d4 Nf6 2. c4 e6 3. Nf3 d5 4. g3 Be7 5. Bg2 O-O 6. O-O dxc4 7. Qc2 a6 8. Qxc4
b5 9. Qc2 Bb7 10. Bd2 Nc6 11. e3 Nb4 12. Bxb4 Bxb4 13. Nbd2 Rc8 14. Nb3 Be4 15.
Qe2 1/2-1/2

[Event "Lichtenberger Sommer 2016"]
[Site "?"]
[Date "2016.08.19"]
[Round "7.31"]
[White "Nötzel, Felix"]
[Black "Bauder, Herbert"]
[Result "1-0"]
[WhiteElo "2212"]
[BlackElo "1924"]
[PlyCount "49"]
[EventDate "2016.??.??"]
[WhiteTeam "SF 1903 Berlin"]
[BlackTeam "Lasker Steglitz-Wilmersdorf"]

1. e4 c5 2. d4 cxd4 3. c3 Nf6 4. e5 Nd5 5. Nf3 Nc6 6. Bc4 Nb6 7. Bb3 e6 8. cxd4
d6 9. exd6 Qxd6 10. O-O Be7 11. Nc3 O-O 12. a3 Nd5 13. Ne4 Qd8 14. Re1 b6 15.
Qd3 a5 16. Neg5 g6 17. Qe4 h6 18. Nxf7 Kxf7 19. Bxh6 Rg8 20. Rac1 a4 21. Bxd5
Qxd5 22. Qxd5 exd5 23. Rxc6 Ra7 24. Ne5+ Ke8 25. Rxc8+ 1-0

[Event "Lichtenberger Sommer 2016"]
[Site "?"]
[Date "2016.08.19"]
[Round "7.32"]
[White "Brümmel, Arend"]
[Black "Schubert, Joachim"]
[Result "1-0"]
[WhiteElo "2152"]
[BlackElo "1889"]
[PlyCount "67"]
[EventDate "2016.??.??"]
[WhiteTeam "Stader SV"]
[BlackTeam "SC Friesen Lichtenberg"]

1. d4 f5 2. g3 Nf6 3. Bg2 c6 4. Nf3 e6 5. O-O d5 6. c4 Bd6 7. Nc3 O-O 8. Qc2
Qe8 9. Bf4 Bxf4 10. gxf4 Ne4 11. e3 Rf6 12. Nxe4 fxe4 13. Ne5 Qh5 14. f3 Rh6
15. fxe4 Qxh2+ 16. Kf2 Qh4+ 17. Ke2 Qg3 18. Rf2 Rh2 19. Rg1 Nd7 20. Nf3 Qg4 21.
Ke1 Rh6 22. Bh1 Rxh1 23. Rxh1 Nf6 24. Ng5 dxe4 25. Nxe4 Ne8 26. Rxh7 Qg1+ 27.
Kd2 Nd6 28. Rfh2 Nf5 29. Rh8+ Kf7 30. Ng5+ Ke7 31. Qd3 Bd7 32. R8h7 Rg8 33. Nf3
Qa1 34. Qa3+ 1-0

[Event "Lichtenberger Sommer 2016"]
[Site "?"]
[Date "2016.08.19"]
[Round "7.33"]
[White "Gallien, Fabian"]
[Black "Dathe, Frederick"]
[Result "1-0"]
[WhiteElo "2146"]
[BlackElo "1884"]
[PlyCount "55"]
[EventDate "2016.??.??"]
[WhiteTeam "SW Lichtenrade"]
[BlackTeam "SC Kreuzberg"]

1. d4 Nf6 2. Bg5 e6 3. e3 d5 4. Nd2 Be7 5. Bd3 Nbd7 6. f4 c5 7. c3 c4 8. Bc2 b5
9. a3 a5 10. Nh3 Bb7 11. Qf3 Qb6 12. O-O b4 13. Rfb1 Bc6 14. Nf2 Rb8 15. Kh1
Qc7 16. Qe2 bxc3 17. bxc3 Rxb1+ 18. Bxb1 Nb6 19. e4 h6 20. Bxf6 Bxf6 21. f5 O-O
22. fxe6 fxe6 23. e5 Bg5 24. Nf3 Qf7 25. h4 Bxh4 26. Qc2 g5 27. Ng4 Qf5 28.
Nxh6+ 1-0

[Event "Lichtenberger Sommer 2016"]
[Site "?"]
[Date "2016.08.19"]
[Round "7.34"]
[White "Deutschbein, Christopher"]
[Black "Stark, Ingo"]
[Result "0-1"]
[WhiteElo "2006"]
[BlackElo "2183"]
[PlyCount "100"]
[EventDate "2016.??.??"]
[WhiteTeam "Eckernförder SC"]
[BlackTeam "TSG Oberschöneweide"]

1. e4 c5 2. c3 d5 3. exd5 Qxd5 4. d4 Nf6 5. Nf3 Bg4 6. dxc5 Qxc5 7. Na3 a6 8.
Be3 Qc6 9. Ne5 Bxd1 10. Nxc6 Ba4 11. Na5 Nd5 12. Nxb7 Nxe3 13. fxe3 e6 14. Nc4
Nd7 15. b3 Bc6 16. Nbd6+ Bxd6 17. Nxd6+ Ke7 18. O-O-O Nb6 19. Nc4 Nd5 20. Ne5
Rhc8 21. c4 Nxe3 22. Nxc6+ Rxc6 23. Be2 Nxd1 24. Bf3 Nf2 25. Bxc6 Rc8 26. Rf1
Nd3+ 27. Kd2 Rd8 28. Ke2 Nb4 29. Bf3 Nxa2 30. Ra1 Nb4 31. Ra4 Rb8 32. Kd2 Kd6
33. Kc3 Kc5 34. Ra5+ Kd6 35. c5+ Ke5 36. Ra4 Nd5+ 37. Bxd5 Kxd5 38. b4 Ra8 39.
Ra2 Ra7 40. Rd2+ Kc6 41. Rd6+ Kc7 42. Kb3 Ra8 43. Ka4 e5 44. Ka5 e4 45. Rd5 Re8
46. Kxa6 e3 47. Rd1 e2 48. Re1 Kc6 49. b5+ Kxc5 50. b6 Kd4 0-1

[Event "Lichtenberger Sommer 2016"]
[Site "?"]
[Date "2016.08.19"]
[Round "7.35"]
[White "Voigt, Ingo"]
[Black "Neumann, Thomas"]
[Result "0-1"]
[WhiteElo "1967"]
[BlackElo "2151"]
[PlyCount "60"]
[EventDate "2016.??.??"]
[WhiteTeam "BSV 63 Chemie Weißensee"]
[BlackTeam "Borussia Friedrichsfelde"]

1. e4 d5 2. exd5 Qxd5 3. Nc3 Qa5 4. d4 c6 5. Bc4 Bf5 6. Bd2 e6 7. Nf3 Nf6 8.
Nh4 Bg4 9. f3 Qh5 10. g3 Bh3 11. Qe2 Nbd7 12. Ng2 Bxg2 13. Qxg2 O-O-O 14. O-O-O
Nb6 15. g4 Qa5 16. Nd5 Qa4 17. Bb3 Qxd4 18. Bc3 Qc5 19. Nxf6 Qg5+ 20. f4 Qxf4+
21. Kb1 Rxd1+ 22. Rxd1 gxf6 23. Rf1 Qe3 24. Bxf6 Rg8 25. Rd1 Bg7 26. Bh4 Nd5
27. Bf2 Qe2 28. Re1 Qd2 29. Qf1 Rd8 30. c3 Nxc3+ 0-1

[Event "Lichtenberger Sommer 2016"]
[Site "?"]
[Date "2016.08.19"]
[Round "7.36"]
[White "Kather, Yannick"]
[Black "Kievelitz, Bernd"]
[Result "1-0"]
[WhiteElo "2037"]
[BlackElo "1866"]
[PlyCount "35"]
[EventDate "2016.??.??"]
[WhiteTeam "SC Weisse Dame (Berlin)"]
[BlackTeam "SC Zitadelle Spandau"]

1. e4 c5 2. c3 Nf6 3. e5 Nd5 4. d4 cxd4 5. cxd4 e6 6. Nf3 b6 7. Bd3 Bb7 8. a3
Qc7 9. O-O d6 10. Nbd2 dxe5 11. Nxe5 Nf6 12. Ndf3 Bd6 13. Bg5 O-O 14. Re1 Qe7
15. Ng4 Nbd7 16. Nfe5 Rfd8 17. Nxd7 Rxd7 18. Nxf6+ 1-0

[Event "Lichtenberger Sommer 2016"]
[Site "?"]
[Date "2016.08.19"]
[Round "7.37"]
[White "Merz, Rüdiger"]
[Black "Zschäbitz, Klaus"]
[Result "0-1"]
[WhiteElo "1908"]
[BlackElo "2077"]
[PlyCount "114"]
[EventDate "2016.??.??"]
[WhiteTeam "SK Zehlendorf"]
[BlackTeam "Berliner SchGes Eckbauer"]

1. e4 e6 2. d4 d5 3. Nc3 Bb4 4. a3 Bxc3+ 5. bxc3 dxe4 6. Qg4 Nf6 7. Qxg7 Rg8 8.
Qh6 c5 9. Qd2 Bd7 10. Ne2 Nc6 11. Ng3 Qa5 12. Bb2 h5 13. O-O-O cxd4 14. cxd4 h4
15. Ne2 Qxd2+ 16. Rxd2 Ng4 17. Nf4 Ne7 18. Bc4 Rc8 19. Bb3 Rg5 20. d5 e5 21.
Nh3 Rg6 22. Re2 Rb6 23. Kb1 f6 24. Ka2 Bf5 25. c4 Rd6 26. a4 b6 27. Bc1 Kf7 28.
Ng1 Kg7 29. f3 exf3 30. gxf3 Nh6 31. Re3 Bg6 32. Ba3 Nef5 33. Re1 Rdd8 34. Ne2
Ne3 35. Rhg1 Kh7 36. Be7 Rd7 37. Bxf6 Nxc4 38. Nc3 Nd2 39. Bxe5 Nxf3 40. Rxg6
Kxg6 41. Bc2+ Nf5 42. Rf1 Re7 43. Bd6 Re3 44. Bxf5+ Kxf5 45. Nb5 Ke4 46. Nxa7
Ra8 47. Nb5 Rxa4+ 48. Kb2 Rc4 49. Rd1 Rd3 50. Rxd3 Kxd3 51. Na3 Rd4 52. Bc7
Rxd5 53. Bxb6 Nxh2 54. Bf2 Nf3 55. Nc2 Re5 56. Nb4+ Kc4 57. Nc2 Re2 0-1

[Event "Lichtenberger Sommer 2016"]
[Site "?"]
[Date "2016.08.19"]
[Round "7.38"]
[White "Wirth, Heinz"]
[Black "Krüger, Ekkehard"]
[Result "1-0"]
[WhiteElo "1996"]
[BlackElo "1818"]
[PlyCount "93"]
[EventDate "2016.??.??"]
[WhiteTeam "SC Weisse Dame (Berlin)"]
[BlackTeam "Narva Berlin"]

1. e4 e5 2. Nf3 Nc6 3. Bb5 a6 4. Bxc6 dxc6 5. O-O f6 6. d4 Bg4 7. dxe5 Qxd1 8.
Rxd1 Bxf3 9. gxf3 fxe5 10. f4 Bd6 11. fxe5 Bxe5 12. c3 Rd8 13. Rxd8+ Kxd8 14.
Bg5+ Kd7 15. Nd2 h6 16. Be3 g5 17. Rd1 Nf6 18. f3 Re8 19. Nc4+ Kc8 20. h4 Bf4
21. hxg5 hxg5 22. Bxf4 gxf4 23. Kf2 Rh8 24. Rg1 Nd7 25. Rg5 Rf8 26. Kg2 b5 27.
Na5 c5 28. Nb3 c4 29. Nd4 Nf6 30. Ne6 Rf7 31. Rf5 Kd7 32. Nxf4 Ke7 33. Kf2 c6
34. Ke3 Rh7 35. Rg5 Rh2 36. Rg2 Rh1 37. Rd2 Rf1 38. Ne2 c5 39. Ng3 Re1+ 40. Kf4
Rb1 41. e5 Ne8 42. Ne4 Ra1 43. a3 b4 44. axb4 cxb4 45. cxb4 Ra4 46. Nc3 Ra1 47.
Ke4 1-0

[Event "Lichtenberger Sommer 2016"]
[Site "?"]
[Date "2016.08.19"]
[Round "7.39"]
[White "Werner, Justus"]
[Black "Hahlbohm, Matthias"]
[Result "1/2-1/2"]
[WhiteElo "1937"]
[BlackElo "2101"]
[PlyCount "131"]
[EventDate "2016.??.??"]
[WhiteTeam "SG Stadtilm"]
[BlackTeam "TSG Oberschöneweide"]

1. c4 Nf6 2. g3 c6 3. Bg2 d5 4. d4 Bf5 5. Nf3 e6 6. Nbd2 Bd6 7. O-O h6 8. b3
Nbd7 9. Bb2 O-O 10. Re1 Qc7 11. Nh4 Bh7 12. e4 dxe4 13. Nxe4 Nxe4 14. Bxe4 Bxe4
15. Rxe4 Nf6 16. Re1 Bb4 17. Re2 Rad8 18. Qc2 Be7 19. Nf3 Rc8 20. Rd1 Rfd8 21.
Ne5 c5 22. Red2 cxd4 23. Rxd4 Rxd4 24. Rxd4 Bc5 25. Rd1 Be7 26. Qe2 Rd8 27.
Rxd8+ Qxd8 28. Kg2 Qa5 29. Ba1 Bb4 30. f3 Bc3 31. Bxc3 Qxc3 32. Kf2 Ne8 33. Qe3
Qb2+ 34. Qe2 Qa3 35. Nd3 Nd6 36. Qb2 Qa6 37. a3 Nf5 38. Kg2 f6 39. Nc5 Qc6 40.
Ne4 e5 41. Qd2 Nd4 42. Qd3 Qa6 43. b4 b6 44. Kf2 Qa4 45. c5 bxc5 46. bxc5 Kf7
47. Ke3 Ke6 48. g4 Qxa3 49. Qc3 a6 50. Qxa3 Nc2+ 51. Kd3 Nxa3 52. c6 a5 53.
Nc5+ Kd6 54. Nb7+ Kxc6 55. Nxa5+ Kd5 56. h4 g6 57. Nb3 f5 58. gxf5 gxf5 59. Nd2
h5 60. Nf1 e4+ 61. fxe4+ fxe4+ 62. Ke2 Nb5 63. Ng3 Nd4+ 64. Kf2 Ke5 65. Nxh5
Nf5 66. Ng3 1/2-1/2

[Event "Lichtenberger Sommer 2016"]
[Site "?"]
[Date "2016.08.19"]
[Round "7.40"]
[White "Eisheh, Jens-Tarek"]
[Black "Poseck, Steffen"]
[Result "0-1"]
[WhiteElo "1828"]
[BlackElo "2039"]
[PlyCount "104"]
[EventDate "2016.??.??"]
[WhiteTeam "Lübecker SV"]
[BlackTeam "BSV 63 Chemie Weißensee"]

1. e4 c5 2. Nc3 e6 3. f4 d5 4. Nf3 dxe4 5. Nxe4 Nf6 6. Nf2 Bd6 7. g3 b6 8. Bg2
Bb7 9. O-O O-O 10. b3 Nbd7 11. Bb2 Re8 12. Ne5 Bxg2 13. Kxg2 Qc7 14. Qe2 Qb7+
15. Kg1 Bf8 16. d3 b5 17. a4 a6 18. h3 Rac8 19. g4 Nxe5 20. fxe5 Nd5 21. Ne4 c4
22. Bd4 cxd3 23. cxd3 Nb4 24. Rac1 Rxc1 25. Rxc1 Qd5 26. Bf2 Qxd3 27. Qxd3 Nxd3
28. Rc6 Nxe5 29. Rxa6 bxa4 30. bxa4 Nd3 31. Be3 f5 32. Ng5 f4 33. Bd2 e5 34.
Ne4 Nc5 35. Nxc5 Bxc5+ 36. Kg2 Rd8 37. Be1 Rd1 38. Rc6 Bd4 39. Bb4 Rb1 40. Rc4
Rg1+ 41. Kf3 Rg3+ 42. Ke4 h5 43. Kf5 hxg4 44. hxg4 f3 45. g5 Kh7 46. Be1 f2 47.
Bxf2 Rf3+ 48. Kg4 Rf4+ 49. Kh3 Bxf2 50. Rc6 Rxa4 51. g6+ Kh6 52. Kg2 Bh4 0-1

[Event "Lichtenberger Sommer 2016"]
[Site "?"]
[Date "2016.08.19"]
[Round "7.41"]
[White "Schröter, Maik"]
[Black "Kröncke, Manfred"]
[Result "0-1"]
[WhiteElo "1904"]
[BlackElo "2039"]
[PlyCount "74"]
[EventDate "2016.??.??"]
[WhiteTeam "SG Stadtilm"]
[BlackTeam "SG Glückstadt"]

1. e4 c5 2. Nc3 Nc6 3. Nge2 e6 4. g3 a6 5. a4 g6 6. Bg2 Bg7 7. d3 Nge7 8. Be3
Nd4 9. Qd2 d6 10. h4 h5 11. Rb1 Qa5 12. O-O Rb8 13. b3 Nec6 14. Qc1 Bd7 15. Bd2
b5 16. axb5 axb5 17. Re1 b4 18. Nxd4 Nxd4 19. Ne2 Nb5 20. Bf4 Rb6 21. Qd2 Ra6
22. Qe3 Qc7 23. Rbd1 Ra2 24. d4 cxd4 25. Nxd4 Nxd4 26. Rxd4 Bxd4 27. Qxd4 e5
28. Qxb4 exf4 29. e5 O-O 30. Qxf4 dxe5 31. Qf6 Qd8 32. Qd6 Bf5 33. Qxe5 Rxc2
34. g4 Qd2 35. Rf1 hxg4 36. h5 Qg5 37. Be4 Re2 0-1

[Event "Lichtenberger Sommer 2016"]
[Site "?"]
[Date "2016.08.19"]
[Round "7.42"]
[White "Acikel, Mert"]
[Black "Guenther, Thomas"]
[Result "0-1"]
[WhiteElo "1820"]
[BlackElo "2044"]
[PlyCount "86"]
[EventDate "2016.??.??"]
[WhiteTeam "SK König Tegel"]
[BlackTeam "SV Senat (FV Schach)"]

1. e4 c5 2. Nf3 Nc6 3. d4 cxd4 4. Nxd4 Nf6 5. Nc3 d6 6. Be3 e6 7. Be2 Be7 8.
O-O a6 9. f4 Qc7 10. Bf3 Bd7 11. Qe2 O-O 12. Kh1 b5 13. a3 Rac8 14. Rae1 Nxd4
15. Bxd4 Bc6 16. e5 Nd7 17. Bxc6 Qxc6 18. exd6 Qxd6 19. Rd1 Qc6 20. f5 e5 21.
Bxe5 Nxe5 22. Qxe5 Bf6 23. Qf4 Bxc3 24. Rd6 Qc4 25. Qxc4 Rxc4 26. bxc3 Ra4 27.
Ra1 Re8 28. h3 h6 29. Rd4 Rxd4 30. cxd4 Rc8 31. Ra2 Rc4 32. Kh2 Rxd4 33. Kg3
Ra4 34. Kf3 b4 35. Rb2 Rxa3+ 36. Ke4 a5 37. Rb3 Ra2 38. Kd3 Kf8 39. g4 Ke7 40.
c3 Rh2 41. h4 Rxh4 42. Rb2 Rh3+ 43. Kd4 Rxc3 0-1

[Event "Lichtenberger Sommer 2016"]
[Site "?"]
[Date "2016.08.19"]
[Round "7.43"]
[White "Kohlmeyer, Dagobert"]
[Black "Wörz, Markus"]
[Result "1-0"]
[WhiteElo "1877"]
[BlackElo "2055"]
[PlyCount "63"]
[EventDate "2016.??.??"]
[WhiteTeam "SC Rochade (Berlin)"]
[BlackTeam "SC Kreuzberg"]

1. e4 c5 2. Nf3 d6 3. d4 cxd4 4. Nxd4 Nf6 5. Nc3 a6 6. Be2 e5 7. Nb3 Be7 8. O-O
Be6 9. Be3 O-O 10. f4 Qc7 11. f5 Bc4 12. Qe1 Rd8 13. Bd3 Nbd7 14. Rd1 d5 15.
exd5 Bxd5 16. Be2 Bc6 17. Qg3 Rac8 18. Bh6 Bf8 19. Kh1 b5 20. a3 Bb7 21. Bg5
Kh8 22. Nd2 Re8 23. Nf3 e4 24. Qxc7 Rxc7 25. Nd4 Bxa3 26. Ncxb5 axb5 27. bxa3
Ra8 28. Bxb5 Rxa3 29. Bf4 Rc8 30. Bxd7 Nxd7 31. Nb5 e3 32. Rxd7 1-0

[Event "Lichtenberger Sommer 2016"]
[Site "?"]
[Date "2016.08.19"]
[Round "7.44"]
[White "Schnabel, Bennett"]
[Black "Schmalzried, Volker"]
[Result "1-0"]
[WhiteElo "2044"]
[BlackElo "1870"]
[PlyCount "49"]
[EventDate "2016.??.??"]
[WhiteTeam "SV Mattnetz Berlin"]
[BlackTeam "vereinslos"]

1. e4 c5 2. c3 Nc6 3. Nf3 g6 4. d4 cxd4 5. cxd4 Bg7 6. Nc3 d6 7. Bc4 Nf6 8. h3
O-O 9. O-O Bd7 10. Be3 a6 11. a4 Rc8 12. Qe2 Na5 13. Ba2 b5 14. e5 Ne8 15. Bg5
dxe5 16. dxe5 h6 17. Bh4 g5 18. Bxg5 hxg5 19. Nxg5 Bf5 20. Rfd1 Qc7 21. Nd5 Qb7
22. axb5 axb5 23. Qh5 Nc4 24. Bb1 f6 25. Bxf5 1-0

[Event "Lichtenberger Sommer 2016"]
[Site "?"]
[Date "2016.08.19"]
[Round "7.45"]
[White "Ritter, Uwe"]
[Black "Kapr, Klaus"]
[Result "0-1"]
[WhiteElo "1928"]
[BlackElo "1990"]
[PlyCount "46"]
[EventDate "2016.??.??"]
[WhiteTeam "Reideburger SV"]
[BlackTeam "SC Friesen Lichtenberg"]

1. f4 d5 2. Nf3 Nf6 3. e3 e6 4. d4 c5 5. c3 Nc6 6. Bd3 Be7 7. O-O Ne4 8. Ne5
O-O 9. Nxc6 bxc6 10. Bxe4 dxe4 11. Qa4 cxd4 12. Qxc6 dxe3 13. Qxa8 e2 14. Qxe4
exf1=Q+ 15. Kxf1 Qd1+ 16. Qe1 Ba6+ 17. Kf2 Bc5+ 18. Be3 Bxe3+ 19. Qxe3 Rd8 20.
Qxa7 Qc2+ 21. Kg3 Bf1 22. Qg1 Rd3+ 23. Kh4 Bxg2 0-1

[Event "Lichtenberger Sommer 2016"]
[Site "?"]
[Date "2016.08.19"]
[Round "7.46"]
[White "Böhm, Uwe"]
[Black "Radjenovisc, Branko"]
[Result "1-0"]
[WhiteElo "2138"]
[BlackElo "1802"]
[PlyCount "39"]
[EventDate "2016.??.??"]
[WhiteTeam "SK Siemens München"]
[BlackTeam "SK Dragojle Babic (Berlin)"]

1. d4 Nf6 2. Bf4 g6 3. e3 Bg7 4. c4 d6 5. Nc3 O-O 6. h3 Nbd7 7. Nf3 c6 8. Be2
Re8 9. O-O e5 10. dxe5 dxe5 11. Nxe5 Nxe5 12. Qxd8 Rxd8 13. Bxe5 Rd2 14. Rad1
Rxd1 15. Rxd1 Be6 16. f4 Ne8 17. Bxg7 Nxg7 18. b3 Re8 19. Ne4 Bc8 20. Nf6+ 1-0

[Event "Lichtenberger Sommer 2016"]
[Site "?"]
[Date "2016.08.19"]
[Round "7.47"]
[White "Rüegsegger, Beat"]
[Black "Bandsom, Olaf"]
[Result "1/2-1/2"]
[WhiteElo "2011"]
[BlackElo "1812"]
[PlyCount "58"]
[EventDate "2016.??.??"]
[WhiteTeam "Trubschachen"]
[BlackTeam "SC Friesen Lichtenberg"]

1. e4 e5 2. Nf3 Nc6 3. Bc4 Nf6 4. d3 Be7 5. c3 d6 6. h3 Bd7 7. Bb3 Qc8 8. Nbd2
O-O 9. Nf1 Kh8 10. g4 Ne8 11. Ng3 Na5 12. Bc2 Be6 13. Ng5 Bxg5 14. Bxg5 d5 15.
f3 c5 16. O-O f6 17. Bc1 Nc6 18. Qe2 Qc7 19. Kg2 Nd6 20. f4 exf4 21. Bxf4 Qd7
22. Kh2 Rae8 23. Qf2 b6 24. Rad1 Nf7 25. Ba4 Qb7 26. a3 Rd8 27. Bc2 d4 28. c4
Nfe5 29. Kg1 Qc8 1/2-1/2

[Event "Lichtenberger Sommer 2016"]
[Site "?"]
[Date "2016.08.19"]
[Round "7.48"]
[White "Mai, Andreas"]
[Black "Hoffbauer, Joerg"]
[Result "1-0"]
[WhiteElo "2014"]
[BlackElo "1765"]
[PlyCount "67"]
[EventDate "2016.??.??"]
[WhiteTeam "SC Friesen Lichtenberg"]
[BlackTeam "BSG Bund (FV Schach)"]

1. e4 c5 2. Nc3 Nc6 3. g3 Nf6 4. Bg2 g6 5. Nge2 e5 6. O-O d6 7. d3 Bg4 8. Bg5
h6 9. Be3 Qd7 10. Qd2 Bh3 11. f4 Bxg2 12. Kxg2 Bg7 13. a3 Ng4 14. f5 O-O-O 15.
Nd5 Ne7 16. Nxe7+ Qxe7 17. b4 Nxe3+ 18. Qxe3 h5 19. Nc3 Bh6 20. Qf2 b6 21. Nd5
Qg5 22. a4 h4 23. a5 hxg3 24. hxg3 Qd2 25. axb6 axb6 26. Qxd2 Bxd2 27. Nxb6+
Kb7 28. bxc5 Kc6 29. Nd5 Kxc5 30. fxg6 fxg6 31. Rf7 Rc8 32. c3 Ra8 33. Rc7+ Kb5
34. c4# 1-0

[Event "Lichtenberger Sommer 2016"]
[Site "?"]
[Date "2016.08.19"]
[Round "7.49"]
[White "Lange, Cecilia"]
[Black "Schäfer, Heiko"]
[Result "0-1"]
[WhiteElo "1858"]
[BlackElo "2078"]
[PlyCount "116"]
[EventDate "2016.??.??"]
[WhiteTeam "TSG Oberschöneweide"]
[BlackTeam "Potsdamer SV"]

1. e4 e5 2. Nf3 Nf6 3. d4 Nxe4 4. Bd3 d5 5. Nxe5 Nd7 6. Nxd7 Bxd7 7. c4 Bb4+ 8.
Nd2 Qh4 9. O-O O-O-O 10. c5 Nxd2 11. Bxd2 Bxd2 12. Qxd2 Qxd4 13. Qc2 Kb8 14.
Rfb1 Rhe8 15. b4 Re5 16. Qb3 Rg5 17. Rd1 Qg4 18. Bf1 Bb5 19. Qg3 Bxf1 20. Rxf1
Qxg3 21. hxg3 Re5 22. Rfe1 Rde8 23. Rxe5 Rxe5 24. Rd1 c6 25. Kf1 Kc7 26. f3 Re3
27. Kf2 Rc3 28. Rd2 a5 29. a3 Rxa3 30. bxa5 Rxa5 31. Rc2 b6 32. cxb6+ Kxb6 33.
Ke3 c5 34. g4 Ra8 35. Rb2+ Kc6 36. Kd3 d4 37. Kc4 Ra3 38. Rc2 Ra4+ 39. Kd3 Kd5
40. Rb2 c4+ 41. Kc2 d3+ 42. Kd2 Kd4 43. Rb8 c3+ 44. Ke1 c2 45. Kd2 Ra1 46. Rd8+
Ke5 47. Rc8 c1=Q+ 48. Rxc1 Rxc1 49. Kxc1 Kd4 50. g5 Ke3 51. Kd1 d2 52. f4 Kd3
53. f5 Ke3 54. g6 hxg6 55. fxg6 fxg6 56. g3 g5 57. g4 g6 58. Kc2 Ke2 0-1

[Event "Lichtenberger Sommer 2016"]
[Site "?"]
[Date "2016.08.19"]
[Round "7.50"]
[White "Petersen, Moritz"]
[Black "Kutschke, Jens"]
[Result "0-1"]
[WhiteElo "1729"]
[BlackElo "2002"]
[PlyCount "42"]
[EventDate "2016.??.??"]
[WhiteTeam "SV Rüdersdorf"]
[BlackTeam "SF 1903 Berlin"]

1. d4 Nf6 2. c4 g6 3. Nc3 d5 4. Nf3 Bg7 5. Bf4 c5 6. e3 Qa5 7. Qb3 dxc4 8. Bxc4
O-O 9. O-O Nc6 10. d5 Nb8 11. e4 a6 12. a4 Nbd7 13. h3 Qb4 14. Rfe1 Nb6 15. Na2
Qxc4 16. Qxb6 Nxe4 17. Ng5 Nxf2 18. d6 Qxf4 19. dxe7 Re8 20. Qd8 Be6 21. Nxe6
fxe6 0-1

[Event "Lichtenberger Sommer 2016"]
[Site "?"]
[Date "2016.08.19"]
[Round "7.51"]
[White "Witte, Ronald"]
[Black "Woinowski, Michael"]
[Result "1-0"]
[WhiteElo "2023"]
[BlackElo "1734"]
[PlyCount "47"]
[EventDate "2016.??.??"]
[WhiteTeam "BSV 63 Chemie Weißensee"]
[BlackTeam "SC Kreuzberg"]

1. d4 d5 2. c4 e6 3. Nc3 c5 4. cxd5 exd5 5. Nf3 Nc6 6. e3 c4 7. e4 dxe4 8. Ng5
Qxd4 9. Be3 Qxd1+ 10. Rxd1 Bg4 11. Rd2 Bb4 12. Bxc4 Ne5 13. Bb5+ Nc6 14. Ngxe4
a6 15. Bxc6+ bxc6 16. O-O Rd8 17. Rxd8+ Kxd8 18. f3 Be6 19. Rd1+ Ke7 20. a3 f5
21. axb4 fxe4 22. Nxe4 Nf6 23. Bc5+ Kf7 24. Ng5+ 1-0

[Event "Lichtenberger Sommer 2016"]
[Site "?"]
[Date "2016.08.19"]
[Round "7.52"]
[White "Friedrich, Gerhard"]
[Black "Ziems, Michael"]
[Result "1/2-1/2"]
[WhiteElo "1930"]
[BlackElo "1802"]
[PlyCount "181"]
[EventDate "2016.??.??"]
[WhiteTeam "SG Schwäbisch Gmünd"]
[BlackTeam "SV Empor Berlin"]

1. d4 d5 2. Nf3 Nf6 3. e3 c6 4. c4 e6 5. Bd3 Bd6 6. O-O Nbd7 7. Nc3 O-O 8. h3
Re8 9. e4 dxe4 10. Nxe4 Nxe4 11. Bxe4 Nf6 12. Bc2 b6 13. Qd3 Bb7 14. Bg5 g6 15.
Rad1 a5 16. a3 Be7 17. Ba4 Nh5 18. Be3 Bf6 19. Rfe1 Qc7 20. Qc2 Red8 21. Ng5 c5
22. dxc5 bxc5 23. Bc1 Nf4 24. Ne4 Bd4 25. Bxf4 Qxf4 26. Qd2 Qh4 27. Qc2 f5 28.
Rxd4 cxd4 29. Nc5 d3 30. Qd1 d2 31. Rxe6 Be4 32. Nd7 Qg5 33. f3 Rxd7 34. fxe4
Qe3+ 35. Kh2 Rd3 36. exf5 Qf4+ 37. Kh1 Rf8 38. fxg6 Qf1+ 39. Kh2 Qf4+ 40. Kg1
Qg3 41. gxh7+ Kh8 42. Re2 Qg5 43. Bc2 Rd4 44. b3 Rfd8 45. Kf1 Qg3 46. Kg1 Qc3
47. Kh2 Qxc2 48. Qxc2 d1=Q 49. Qb2 Qd3 50. Re7 Qf5 51. Qc1 Qf6 52. Qe3 Qd6+ 53.
Qe5+ Qxe5+ 54. Rxe5 a4 55. bxa4 Rxc4 56. a5 Ra4 57. g4 Kxh7 58. Kg3 Rxa3+ 59.
Kh4 Rdd3 60. Kg5 Rxh3 61. Re7+ Kg8 62. Kg6 Kf8 63. Rf7+ Ke8 64. Rf5 Rhc3 65. g5
Rc6+ 66. Kg7 Rg3 67. Rf8+ Ke7 68. Rf7+ Ke8 69. Rf8+ Kd7 70. Rf7+ Kc8 71. Rf5
Re6 72. Rc5+ Kd7 73. Rf5 Re7+ 74. Kh6 Rh3+ 75. Kg6 Rhh7 76. Rb5 Kc6 77. Rb6+
Kc5 78. Rf6 Reg7+ 79. Kf5 Rh5 80. Rg6 Rf7+ 81. Rf6 Ra7 82. a6 Rg7 83. Rg6 Re7
84. Rf6 Kd5 85. Kg6 Rhh7 86. Rb6 Rhg7+ 87. Kh5 Ke5 88. g6 Kf5 89. Rb5+ Kf6 90.
Rb6+ Ke5 91. Rb5+ 1/2-1/2

[Event "Lichtenberger Sommer 2016"]
[Site "?"]
[Date "2016.08.19"]
[Round "7.53"]
[White "Casny, Guenter"]
[Black "Thesing, Ansgar"]
[Result "0-1"]
[WhiteElo "1862"]
[BlackElo "1987"]
[PlyCount "66"]
[EventDate "2016.??.??"]
[WhiteTeam "SC Rochade (Berlin)"]
[BlackTeam "SC Kreuzberg"]

1. d4 d5 2. e3 Nf6 3. Bd3 e6 4. Nd2 c5 5. c3 Nc6 6. Ngf3 Be7 7. O-O O-O 8. Ne5
Nxe5 9. dxe5 Nd7 10. f4 f5 11. Nf3 b6 12. b3 Bb7 13. Qe2 g6 14. Bb2 h6 15. c4
Qc7 16. Rad1 Rfd8 17. Ba1 Nf8 18. Rd2 a6 19. Rfd1 dxc4 20. bxc4 Bc6 21. e4 Rxd3
22. Rxd3 fxe4 23. R3d2 exf3 24. gxf3 b5 25. Kg2 Qb7 26. Rf1 Nd7 27. Qd3 Kh7 28.
Rg1 Rd8 29. Qc3 Bxf3+ 30. Qxf3 Qxf3+ 31. Kxf3 Nxe5+ 32. Ke2 Rxd2+ 33. Kxd2 Nf3+
0-1

[Event "Lichtenberger Sommer 2016"]
[Site "?"]
[Date "2016.08.19"]
[Round "7.54"]
[White "Wallmann, Bodo"]
[Black "Kuran, Wilfried"]
[Result "0-1"]
[WhiteElo "1841"]
[BlackElo "1885"]
[PlyCount "102"]
[EventDate "2016.??.??"]
[WhiteTeam "SC Kreuzberg"]
[BlackTeam "Spielgemeinschaft Sauwald"]

1. d4 d5 2. Nf3 Nf6 3. c4 c6 4. Nc3 e6 5. cxd5 exd5 6. Bg5 Be7 7. Qc2 h6 8. Bh4
O-O 9. e3 Nbd7 10. Be2 Re8 11. O-O Nf8 12. h3 Ng6 13. Bg3 Be6 14. Bd3 Nf8 15.
Rfd1 Rc8 16. Qe2 a6 17. Rac1 N6d7 18. e4 dxe4 19. Bxe4 f5 20. Bb1 Bf6 21. Qd3
Nb6 22. b3 g6 23. Be5 Nfd7 24. Bxf6 Qxf6 25. Re1 Bd5 26. Nxd5 Nxd5 27. Qd2 Kg7
28. Rxe8 Rxe8 29. Re1 Re6 30. Rxe6 Qxe6 31. Bd3 N7f6 32. Ne5 Ne4 33. Bxe4 fxe4
34. Qa5 Qe7 35. Qe1 Nf6 36. Qc3 Qe6 37. f3 exf3 38. Qxf3 Nd5 39. Qe4 h5 40. Qe1
Nf4 41. Qe4 g5 42. Qc2 Qd5 43. Qf2 Qxd4 44. Nc4 Ne2+ 45. Kf1 Qxf2+ 46. Kxf2 Nc1
47. Na5 Nxa2 48. Nxb7 Kf6 49. Ke3 Ke5 50. Nc5 Nb4 51. Ne4 Nd5+ 0-1

[Event "Lichtenberger Sommer 2016"]
[Site "?"]
[Date "2016.08.19"]
[Round "7.55"]
[White "Keusch, Horst"]
[Black "Ollek, Karl-Heinz"]
[Result "1-0"]
[WhiteElo "1973"]
[BlackElo "1739"]
[PlyCount "79"]
[EventDate "2016.??.??"]
[WhiteTeam "SC Eintracht Berlin"]
[BlackTeam "SC Friesen Lichtenberg"]

1. c4 c5 2. Nc3 Nc6 3. g3 g6 4. Bg2 Bg7 5. e3 Nf6 6. Nge2 O-O 7. d4 cxd4 8.
exd4 e6 9. Bg5 h6 10. Bf4 d5 11. cxd5 Nxd5 12. Nxd5 exd5 13. O-O Be6 14. Qd2
Kh7 15. a3 Na5 16. Rad1 g5 17. Qd3+ f5 18. Bd2 Nc4 19. Bc3 Kg8 20. f4 g4 21. b3
Nd6 22. Bb4 a5 23. Bxd6 Qxd6 24. a4 Rfc8 25. Nc3 Qd7 26. Rfe1 Kh8 27. Re3 Bg8
28. Rde1 Bf6 29. Kf2 h5 30. h4 Kg7 31. Nb5 Kg6 32. Qd2 b6 33. Bf1 Re8 34. Bd3
Rxe3 35. Rxe3 Qc6 36. Re1 Bf7 37. Bb1 Qd7 38. Qd3 Be6 39. Qe3 Re8 40. Bxf5+ 1-0